Riti e rituali contemporanei (Record n. 89529)

Dettagli MARC
000 -LEADER
fixed length control field 01685nam a2200313Ia 4500
001 - CONTROL NUMBER
control field H7530
003 - CONTROL NUMBER IDENTIFIER
control field IT-RoPAU
008 - FIXED-LENGTH DATA ELEMENTS--GENERAL INFORMATION
fixed length control field 130308s9999 xx 000 0 und d
040 ## - CATALOGING SOURCE
Original cataloging agency IT-RoPAU
040 ## - CATALOGING SOURCE
Transcribing agency IT-RoPAU
041 ## - LANGUAGE CODE
Language code of text/sound track or separate title ITALIANO
100 ## - MAIN ENTRY--PERSONAL NAME
Personal name Segalen Martine
100 ## - MAIN ENTRY--PERSONAL NAME
Miscellaneous information Codice Aut. SPICS: 54008
240 ## - UNIFORM TITLE
Uniform title RITES ET rituels CONTEMPORAINS
240 ## - UNIFORM TITLE
Miscellaneous information Codice Tit. Orig. Spics: G1954
245 ## - TITLE STATEMENT
Title Riti e rituali contemporanei
245 ## - TITLE STATEMENT
Remainder of title Riti e rituali Contemporanei
250 ## - EDITION STATEMENT
Edition statement 1a ed.
260 ## - PUBLICATION, DISTRIBUTION, ETC. (IMPRINT)
Place of publication, distribution, etc. BOLOGNA
260 ## - PUBLICATION, DISTRIBUTION, ETC. (IMPRINT)
Name of publisher, distributor, etc. Il Mulino
260 ## - PUBLICATION, DISTRIBUTION, ETC. (IMPRINT)
Date of publication, distribution, etc. 2006 [1° Ed.:2006 - Ed.Ling.Originale:1998]
300 ## - PHYSICAL DESCRIPTION
Extent "164 p. (prefazione: no ; testo: 164 [pagine: 0-0])"
500 ## - GENERAL NOTE
General note "Rito, Sacro, Simbolo: Emile Durkheim, rito è Sacro; Sacro, sacrificio ed Efficacia rituale da Marcel Mauss a Mary Douglas; di Società in Società. Problema dei riti di Passaggio: Opera di Arnold Van Gennep; riti di passaggio Rivisitati; Dalla culla Alla tomba; forme di Iniziazione. Uomini, Sport,Riti: Uomini e Animali; Calcio e Tifosi; riti e Simboli del Podismo; Attività Non Classificabili che Hanno una Funzione Rituale. secolare e Individuale, Funzione Comunicativa del Rito: Festa, Spettacolo e Politica; riti e Impresa; comportamenti rituali o regole di buon Comportamento. Variabilita',Polisemia, mutamenti Sociali in Un'Istituzione Esemplare, Il Matrimonio: matrimonio Fra Tradizione e Cambiamento; rito del Matrimonio, 1 Solo Spartito, molte Diverse Esecuzioni; sposi del 2000. Conclusioni. Riferimenti Bibliografici."
650 ## - SUBJECT ADDED ENTRY--TOPICAL TERM
Topical term or geographic name as entry element SOCIOLOGIA DELLA COMUNICAZIONE SOCIALE
650 ## - SUBJECT ADDED ENTRY--TOPICAL TERM
Relator term Codice materia Spics: 3806
942 ## - ADDED ENTRY ELEMENTS (KOHA)
Koha item type LIBRO
957 ## -
-- 1
999 ## - SYSTEM CONTROL NUMBERS (KOHA)
-- 1
Dati di copia
Withdrawn status Lost status Damaged status Not for loan Home library Current library Date acquired Total Checkouts Full call number Date last seen Price effective from Koha item type Public note
    Buone Condizioni Not For Loan SPICS-MEDIATECA SPICS-MEDIATECA 08/03/2013   H7530 08/03/2013 08/03/2013 LIBRO Progressivo inserimento: 14837 / N. Volumi: 1 Copie: 1 / data import: 1 marzo 2013 - By Epidotti, Trombetti, Vaglietti.
CREDITS: SOCIETA' SAN PAOLO Via A.Severo, 58 - ROMA (RM) & PERIODICI SAN PAOLO SRL Via Giotto, 36 MILANO & CISF Via Giotto, 36 MILANO & EDIZIONI SAN PAOLO SRL,  Piazza Soncino, 5 CINISELLO BALSAMO (MI) -- ITALY